| 000 | 00374nam a22001337a 4500 | ||
|---|---|---|---|
| 008 | 250708b |||||||| |||| 00| 0 eng d | ||
| 020 | _a9780852652190 | ||
| 050 |
_aJN 228 _b.W43 |
||
| 245 | _aWhatWent Wrong, Gordon Brown: How the Dream Job Turned Sour | ||
| 260 |
_aLondon _bGuardian Books _c2010 |
||
| 300 | _a294p. | ||
| 650 | _alabour party Great Britain | ||
| 942 | _cBK | ||
| 999 |
_c4184 _d4184 |
||